| 000 | 00815nam a2200277Ia 4500 | ||
|---|---|---|---|
| 001 | Para_4295 | ||
| 003 | CHAP | ||
| 008 | 220125s1930 xx 000 0 und d | ||
| 010 | _a202822 | ||
| 040 | _cCHAP | ||
| 090 | _aPA FOLLETO 1580 | ||
| 100 |
_aVan Leeuwen, E. R _9117783 |
||
| 245 |
_aTraps for the japanese beetle / _c E. R. Van Leeuwen, and F. W. Metzger |
||
| 260 |
_aWashington : _b Department of Agriculture |
||
| 300 | _a16 p | ||
| 440 |
_aEUA. Department of Agriculture. Circular; 130 _9168239 |
||
| 650 |
_aPopillia japonica Trampas para insectos _9168240 |
||
| 700 |
_aMetzger, F. W. _975255 |
||
| 901 | _aPA FOLLETO 1580 | ||
| 902 | _aA | ||
| 905 | _a0000001930 WAS 0000000000 00 | ||
| 910 | _a1930 | ||
| 942 | _cPARA | ||
| 942 |
_cPARA _d1 |
||
| 999 |
_c202822 _d202822 |
||